Caribbien

Saved in:
Bibliographic Details
Main Author: Michener
Format: Book
Published: LondonlbA Mandarin Paperbacklc1990
Tags: Add Tag
No Tags, Be the first to tag this record!
Call Number :PZ 7. 6 1990

MARC

LEADER 00000pam a2200000 4500
001 8723
003 MY-KLNDU
005 20241218052751.0
020 0 0 |a 0749302348 
035 |a 0000010464 
039 9 |y 200910081457  |z VLOAD 
090 0 0 |a PZ 7.  |b 6 1990 
100 1 0 |a Michener  |h James A. 
245 1 0 |a Caribbien  |c James A.Michener 
260 0 0 |a LondonlbA Mandarin Paperbacklc1990 
300 |a xv,944p  |c 18cm 
999 |a vtls000008454  |c 8723  |d 8723